| 000 | 00385nam a22001457a 4500 | ||
|---|---|---|---|
| 999 |
_c59569 _d59569 |
||
| 005 | 20230317103522.0 | ||
| 008 | 230317s2008 enk||||| |||| 00| 0 eng d | ||
| 020 | _a9789163314803x | ||
| 041 | _aeng | ||
| 080 | _a32 H-22 | ||
| 245 | _aHandbook for European Union Election Observation. | ||
| 300 |
_a212 p. ; _b24 cm. |
||
| 653 | _aევროკავშირი | ||
| 942 |
_2udc _cBK |
||